|
|
|
|
| LEADER |
01260nam a2200229 a 4500 |
| 001 |
31708 |
| 003 |
BD-DhAAL |
| 005 |
20241104130755.0 |
| 008 |
170528s2015 bg ||||| |||| 00| 1 ben d |
| 040 |
|
|
|a BD-DhAAL
|c BD-DhAAL
|
| 082 |
|
|
|2 23
|a 891.4437
|
| 100 |
|
|
|a চট্টোপাধ্যায়, শরৎচন্দ্র.
|9 21670
|
| 245 |
|
|
|a দেনাপাওনা /
|c শরৎচন্দ্র চট্টোপাধ্যায়.
|
| 260 |
|
|
|a ঢাকা :
|b নিউ শিখা প্রকাশনী ;
|b তিশা বুকস ট্রেড,
|c ২০০০, ২০১৫.
|
| 300 |
|
|
|a ১২১ পৃষ্ঠা ;
|c ২২ সে.মি.
|
| 541 |
|
|
|e 31708, 31709
|
| 650 |
|
|
|a Short stories, Bengali.
|9 21671
|
| 852 |
|
|
|a Ayesha Abed Library
|c General Stacks
|
| 942 |
|
|
|2 ddc
|c BK
|
| 999 |
|
|
|c 38061
|d 38061
|
| 952 |
|
|
|0 0
|1 0
|2 ddc
|4 0
|6 891_443700000000000_CHA
|7 0
|9 60217
|a BRACUL
|b BRACUL
|c GEN
|d 2017-04-13
|e Paragon Enterprise
|g 135.00
|l 23
|m 148
|o 891.4437 CHA
|p 3010031708
|r 2026-05-07
|s 2026-04-20
|t 1
|v 135.00
|w 2017-04-13
|y BK
|
| 952 |
|
|
|0 0
|1 0
|2 ddc
|4 0
|6 891_443700000000000_CHA
|7 0
|9 60218
|a BRACUL
|b BRACUL
|c GEN
|d 2017-04-13
|e Paragon Enterprise
|g 135.00
|l 15
|m 139
|o 891.4437 CHA
|p 3010031709
|q 2026-05-19
|r 2026-04-21
|s 2026-04-21
|t 2
|v 135.00
|w 2017-04-13
|y BK
|